00438nam a2200169Ia 4500003000400000005001700004008004100021020001800062050002400080100002100104245005400125260003500179300003300214440000600247521000700253526000800260OSt20140313135802.0140130s9999 xx 000 0 und d a9780439222297 aPZ 7b.B7633Ch 2001 aBridwell, Norman aClifford's Happy Mother's Day /cNorman Bridwell. bScholastic,c2001.aNew York : a20 p. :bcol. ill. ;c19 cm. v1 aG1 c220